000 00583nam a22001457a 4500
005 20250207172043.0
008 241109b |||||||| |||| 00| 0 eng d
100 _aPaley, Matthieu.
_eauthor.
_963869
245 _aNaing valley, Pakistan :
_bpilgrims cross a changing landscape /
_cMatthieu Paley.
260 _aWashington ;
_bNational Geographic Partners, LLC.,
_cDecember 2022.
300 _avolume 241, pages 116-117,
_billustration.
500 _aNational Geographic, v. 242, n. 12, pages 116-117, December 2022.
700 _aPaley, Matthieu.
_eauthor.
_963868
942 _2ddc
_cPER
999 _c23123
_d23123